Leasehold reform in England and Wales (Record no. 112110)
[ view plain ]
| 000 -LEADER | |
|---|---|
| fixed length control field | 01501cam a22002895a 4500 |
| 001 - CONTROL NUMBER | |
| control field | E152557 |
| 008 - FIXED-LENGTH DATA ELEMENTS--GENERAL INFORMATION | |
| fixed length control field | 110328s2011 000 0 eng u |
| 020 ## - INTERNATIONAL STANDARD BOOK NUMBER | |
| International Standard Book Number | 9781842196359 |
| 035 ## - SYSTEM CONTROL NUMBER | |
| System control number | (Sirsi) u152557 |
| 041 0# - LANGUAGE CODE | |
| Language code of text/sound track or separate title | eng |
| 050 04 - LIBRARY OF CONGRESS CALL NUMBER | |
| Classification number | 333.332 $2 18 |
| 110 2# - MAIN ENTRY--CORPORATE NAME | |
| Corporate name or jurisdiction name as entry element | Royal Institution of Chartered Surveyors |
| 9 (RLIN) | 4900 |
| 245 00 - TITLE STATEMENT | |
| Title | Leasehold reform in England and Wales |
| 250 ## - EDITION STATEMENT | |
| Edition statement | 2nd ed. |
| 260 ## - PUBLICATION, DISTRIBUTION, ETC. | |
| Place of publication, distribution, etc. | London |
| Name of publisher, distributor, etc. | RICS |
| Date of publication, distribution, etc. | 2011 |
| 300 ## - PHYSICAL DESCRIPTION | |
| Extent | iv, 16p. |
| Dimensions | 30cm. |
| 490 #0 - SERIES STATEMENT | |
| Series statement | RICS Guidance Note |
| Volume/sequential designation | GN 65/2011 |
| 520 ## - SUMMARY, ETC. | |
| Summary, etc. | Aims to help valuers in providing leasehold reform valuation advice, whether they are acting for the freeholder, intermediate landlord or tenant. Looks at relevant legislation, tenant's rights, the role of the valuer, and valuation principles. Appendices contain worked examples of valuations. It applies only in England and Wales and is written on the basis of the law as at 1 June 2010. Effective from February 2011. |
| 520 ## - SUMMARY, ETC. | |
| Summary, etc. | Superseded by third edition on 1 December 2015, L158849 (ISBN 9781783211159). Supersedes first edition (ISBN 1842191950). |
| 590 ## - LOCAL NOTE (RLIN) | |
| Local note | KA |
| 650 24 - SUBJECT ADDED ENTRY--TOPICAL TERM | |
| Topical term or geographic name entry element | LEASEHOLD REFORM ACT 1967 |
| 650 24 - SUBJECT ADDED ENTRY--TOPICAL TERM | |
| Topical term or geographic name entry element | LEASEHOLD REFORM, HOUSING AND URBAN DEVELOPMENT ACT 1993 |
| 651 #4 - SUBJECT ADDED ENTRY--GEOGRAPHIC NAME | |
| Geographic name | England and Wales |
| Chronological subdivision | 1543- |
| 690 ## - LOCAL SUBJECT ADDED ENTRY--TOPICAL TERM (OCLC, RLIN) | |
| Topical term or geographic name as entry element | PROPERTY-RESIDENTIAL PROPERTY-RESIDENTIAL PROPERTY APPRAISAL AND VALUATION |
| 856 40 - ELECTRONIC LOCATION AND ACCESS | |
| Uniform Resource Identifier | <a href="https://www.isurv.com/downloads/download/213/leasehold_reform_in_england_and_wales">https://www.isurv.com/downloads/download/213/leasehold_reform_in_england_and_wales</a> |
| Public note | Archived on isurv (subscription required) |
| 942 ## - ADDED ENTRY ELEMENTS (KOHA) | |
| Suppress in OPAC | 0 |
| Source of classification or shelving scheme | Dewey Decimal Classification |
| Withdrawn status | Lost status | Damaged status | Not for loan | Home library | Current library | Shelving location | Date acquired | Total Checkouts | Full call number | Barcode | Date last seen | Copy number | Price effective from | Koha item type | Public note |
|---|---|---|---|---|---|---|---|---|---|---|---|---|---|---|---|
| London | London | RICS Boxes | 28/03/2011 | RICS 2011/5 | 30075634 | 06/08/2019 | 1 | 06/08/2019 | Book | ||||||
| London | London | RICS Boxes | 06/06/2011 | RICS 2011/5 | 30075671 | 06/08/2019 | 2 | 06/08/2019 | Archive | ||||||
| London | London | RICS Boxes | 06/06/2011 | RICS 2011/5 | 30075670 | 06/08/2019 | 4 | 06/08/2019 | Book | ||||||
| Virtual | Virtual | Online | 06/06/2011 | isurv | 152557-4001 | 29/11/2024 | 1 | 06/08/2019 | Online material | Please contact [email protected] to request a digital copy (fees apply for non-members) |